000 00877nam a2200241 a 4500
001 40007
003 BD-RjUL
005 20211209053121.0
008 160421s1969 ii a|||| |||| 00| 0 ben d
020 _c: PRs 10.00
035 _a(BD-RjUL)40121
040 _aBD-RjUL
_bben
_cBD-RjUL
041 _aben
082 _223
_a612
_bDAM 1969
100 _aদাশগুপ্ত, অমল
_9123221
245 1 0 _aমানুষের ঠিকানা /
_cঅমল দাশগুপ্ত
260 _aকলকাতা :
_bলেখাপড়া,
_c১৯৬৯ [১৩৭৬]
300 _a৩৫১ পৃ. :
_bচিত্র ;
_c২১ সেমি
504 _aগ্রন্থপঞ্জি সম্বলিত
650 _aমানুষের দেহতত্ত্ব
_9123222
650 _a Human Physiology
_9123223
942 _2ddc
_cBK
999 _c40007
_d40007